000 00616nam a2200205Ia 4500
003 GCL
008 140319s9999 xx 000 0 ara d
040 _aGCL /
_cGCL
082 0 4 _a912
_bا ع
100 1 _aاحمد نجم الدين فليجة
245 1 0 _aعلم الخرائط والدراسة الميدانية /
_cاحمد نجم الدين فليجة
700 1 _aجميل نجيب عبدالله
300 _a310 ص
490 _a
650 0 4 _aالخرائط
650 0 4 _aالرسم البيانى
650 0 4 _aرسم الخرائط
650 0 4 _aالخرائط, قراءة
942 _2ddc
_cBK
999 _c40421
_d40421